000
00458nam a2200169Ia 4500
008
090711s9999 xx 000 0 und d
082
_b
19687
100
_a
नेने हरी ना.
245
_a
सुत्रपाठ
260
_c
1942
300
_a
100
600
_a
नेने हरी ना.
630
_a
सुत्रपाठ
700
_a
नेने हरी ना.
730
_a
सुत्रपाठ
942
_c
BOOK
999
_c
311780
_d
311780